| 000 | 00919cam a22002534a 4500 | ||
|---|---|---|---|
| 001 | 12382265 | ||
| 005 | 20180309074726.0 | ||
| 008 | 010417s2001 dcua b 001 0 eng | ||
| 010 | _a 2001035332 | ||
| 020 | _a1574883240 (alk. paper) | ||
| 040 |
_aDLC _cDLC _dDLC |
||
| 041 | _aeng | ||
| 042 | _apcc | ||
| 043 | _an-us--- | ||
| 080 | _a323.44809773 MEL | ||
| 082 | 0 | 0 |
_a323.44809773 MEL _221 |
| 100 | 1 | _a20 | |
| 101 | _aPOL | ||
| 245 | 1 | 0 |
_aSecrecy wars : _cPhilip H. Melanson ; foreword by Anthony Summers. |
| 504 | _aIncludes bibliographical references (p. 259-263) and index. | ||
| 906 |
_a7 _bcbc _corignew _d1 _eocip _f20 _gy-gencatlg |
||
| 942 |
_2ddc _cBK |
||
| 999 |
_c44595 _d44595 |
||